[Event "San Sebastian op 38th"]
[Site "San Sebastian"]
[Date "2015.03.29"]
[Round "2"]
[White "Encinas Encinas, Alvaro"]
[Black "Zuloaga Erauskin, Markel"]
[Result "1-0"]
[WhiteElo "2076"]
[BlackElo "1625"]
[PlyCount "133"]
[EventDate "2015.03.28"]
[EventType "swiss"]
[EventRounds "9"]
[EventCountry "ESP"]
[SourceTitle "CBM 165 Extra"]
[Source "ChessBase"]
[SourceDate "2015.04.21"]
[SourceVersion "1"]
[SourceVersionDate "2015.04.21"]
[SourceQuality "1"]

1. e4 e6 2. d4 d5 3. Nc3 dxe4 4. Nxe4 Nd7 5. Nf3 Ngf6 6. Nxf6+ Nxf6 7. Bg5 Be7 8. Bd3 b6 9. Bb5+ Bd7 10. Qe2 0-0 11. 0-0 c6 12. Bd3 h6 13. Bh4 Nd5 14. Bxe7 Qxe7 15. Qe4 Nf6 16. Qh4 c5 17. Rfe1 cxd4 18. Nxd4 Nd5 19. Qe4 Nf6 20. Qf4 Nd5 21. Qe4 Nf6 22. Qe5 Ng4 23. Qg3 h5 24. h3 Nh6 25. Re5 h4 26. Qe3 Rfe8 27. Re1 Rac8 28. Qe4 f5 29. Qe2 Nf7 30. Rxf5 Qd6 31. Rxf7 Kxf7 32. Qh5+ Kg8 33. Qh7+ Kf8 34. Re3 Qxd4 35. Re4 Qxb2 36. Rf4+ Ke7 37. Qxh4+ Kd6 38. Rb4 Qa1+ 39. Kh2 Qe5+ 40. f4 Qc5 41. Re4 Qa5 42. Rd4+ Kc7 43. Qg3 e5 44. Rc4+ Kb8 45. Qxg7 Rxc4 46. Qxd7 Rcc8 47. Qd6+ Rc7 48. Bg6 Rec8 49. Bf5 Qc5 50. fxe5 Qxd6 51. exd6 Rxc2 52. d7 Rd8 53. Bxc2 Rxd7 54. h4 Kc7 55. h5 Rd8 56. h6 Kd6 57. g4 Ke5 58. Kg3 Kf6 59. Kf4 Rd4+ 60. Be4 Ra4 61. g5+ Kf7 62. g6+ Kf6 63. g7 Kf7 64. Ke5 Ra5+ 65. Bd5+ Rxd5+ 66. Kxd5 a5 67. Kc6 1-0

[Event "San Sebastian op 38th"]
[Site "San Sebastian"]
[Date "2015.03.28"]
[Round "1"]
[White "Espin Laborde, Jesus Maria"]
[Black "Encinas Encinas, Alvaro"]
[Result "0-1"]
[WhiteElo "1677"]
[BlackElo "2076"]
[PlyCount "96"]
[EventDate "2015.03.28"]
[EventType "swiss"]
[EventRounds "9"]
[EventCountry "ESP"]
[SourceTitle "CBM 165 Extra"]
[Source "ChessBase"]
[SourceDate "2015.04.21"]
[SourceVersion "1"]
[SourceVersionDate "2015.04.21"]
[SourceQuality "1"]

1. e4 c5 2. Nf3 e6 3. d4 cxd4 4. Nxd4 Nf6 5. Nc3 Nc6 6. Be3 Bb4 7. Bd3 d5 8. Nxc6 bxc6 9. exd5 cxd5 10. Bd2 0-0 11. 0-0 e5 12. Bg5 Bb7 13. a3 Bd6 14. Bf5 Bc7 15. Qe2 e4 16. Rfd1 Qd6 17. g3 Qe5 18. Bxf6 Qxf5 19. Bd4 Bc8 20. Rf1 Rd8 21. f3 Qg6 22. Rfe1 h5 23. Qg2 Bf5 24. Rad1 exf3 25. Qf2 h4 26. Qxf3 Bg4 27. Qd3 Bxd1 28. Qxg6 fxg6 29. Nxd1 hxg3 30. hxg3 Bb6 31. c3 Bxd4+ 32. cxd4 Re8 33. Rxe8+ Rxe8 34. Kf2 Re4 35. Nc3 Rxd4 36. Ke3 Rg4 37. Kf3 Rg5 38. Nb5 a6 39. Nd4 Re5 40. b4 Re1 41. a4 Ra1 42. a5 Rb1 43. Nc6 Kf7 44. Ke3 Ke6 45. Nd4+ Kd6 46. Kd3 Rxb4 47. Kc3 Ra4 48. Nb3 Rg4 0-1

[Event "Navalmoral op 16th"]
[Site "Navalmoral"]
[Date "2010.12.04"]
[Round "1"]
[White "Encinas Encinas, Alvaro"]
[Black "Shchekachev, Andrei"]
[Result "0-1"]
[WhiteElo "2059"]
[BlackElo "2527"]
[PlyCount "72"]
[EventDate "2010.12.04"]
[EventType "swiss"]
[EventRounds "9"]
[EventCountry "ESP"]
[SourceTitle "CBM 139 Extra"]
[Source "ChessBase"]
[SourceDate "2011.01.05"]
[SourceVersion "1"]
[SourceVersionDate "2011.01.05"]
[SourceQuality "1"]

1. d4 Nf6 2. Nf3 g6 3. g3 Bg7 4. Bg2 0-0 5. 0-0 d6 6. b3 Bf5 7. Nbd2 Qc8 8. Re1 Nc6 9. Bb2 Re8 10. d5 Nb8 11. Qc1 Bh3 12. e4 Bxg2 13. Kxg2 e5 14. b4 a5 15. a3 Na6 16. c3 Nh5 17. Nc4 Nf4+ 18. gxf4 Qg4+ 19. Kf1 Qxf3 20. Qe3 Qxf4 21. Nxa5 Nc5 22. bxc5 Rxa5 23. cxd6 cxd6 24. Qb6 Ra6 25. Qxb7 Raa8 26. Bc1 Qxh2 27. Ke2 Qg2 28. Kd3 f5 29. Qb4 Qf3+ 30. Kc2 Qxf2+ 31. Bd2 Bh6 32. Red1 Qe2 33. exf5 e4 34. f6 Qd3+ 35. Kc1 e3 36. Qh4 exd2+ 0-1

[Event "Extremadura-chT Honor"]
[Site "Merida"]
[Date "2010.03.20"]
[Round "3"]
[White "Encinas Encinas, Alvaro"]
[Black "Corbacho Charneco, Ismael"]
[Result "1/2-1/2"]
[WhiteElo "2062"]
[BlackElo "2055"]
[PlyCount "49"]
[EventDate "2010.03.06"]
[EventType "team"]
[EventRounds "9"]
[EventCountry "ESP"]
[SourceTitle "EXT 2014"]
[Source "ChessBase"]
[SourceDate "2013.11.20"]
[SourceVersion "1"]
[SourceVersionDate "2013.11.20"]
[SourceQuality "1"]

1. e4 d5 2. exd5 Qxd5 3. d4 e5 4. Nf3 exd4 5. Qxd4 Qe6+ 6. Be3 Nc6 7. Qc4 Bb4+ 8. c3 Be7 9. Nbd2 Nf6 10. Be2 h6 11. 0-0 0-0 12. Rfe1 Qxc4 13. Bxc4 Bd6 14. h3 Re8 15. Nd4 Nxd4 16. Bxd4 Bd7 17. Nf3 Bc6 18. Bxf6 Bxf3 19. Bxg7 Bxg2 20. Kxg2 Kxg7 21. Kf3 Rxe1 22. Rxe1 Rd8 23. Rg1+ Kf6 24. Rd1 Rg8 25. Bd5 1/2-1/2

[Event "Extremadura-chT"]
[Site "Spain"]
[Date "2009.01.24"]
[Round "2.2"]
[White "Encinas Encinas, Alvaro"]
[Black "Guerrero Vacas, Jose Carlos"]
[Result "1-0"]
[WhiteElo "2056"]
[BlackElo "1744"]
[PlyCount "62"]
[EventDate "2009.01.17"]
[EventType "team-swiss"]
[EventRounds "9"]
[EventCountry "ESP"]
[SourceTitle "EXT 2011"]
[Source "ChessBase"]
[SourceDate "2010.11.26"]
[SourceVersion "1"]
[SourceVersionDate "2010.11.26"]
[SourceQuality "1"]
[WhiteTeam "Moralo"]
[BlackTeam "Lasker"]
[WhiteTeamCountry "ESP"]
[BlackTeamCountry "ESP"]

1. e4 e6 2. d4 d5 3. Nc3 dxe4 4. Nxe4 Nd7 5. Nf3 Ngf6 6. Ng3 Be7 7. Bd3 b6 8. c3 Bb7 9. 0-0 0-0 10. Re1 c5 11. Qe2 Bxf3 12. Qxf3 cxd4 13. cxd4 Nd5 14. Ne4 N7f6 15. a3 Rc8 16. Qh3 Nxe4 17. Rxe4 Nf6 18. Rh4 g6 19. Bh6 Re8 20. Bb5 Nd7 21. Re4 Bf6 22. Re2 Re7 23. Bf4 Nf8 24. Ba6 Rc6 25. Qf3 Qxd4 26. Qxc6 Qxf4 27. Rd1 Rc7 28. Qe4 Rc1 29. Rde1 Qxe4 30. Rxe4 Bxb2 31. a4 Nd7 1-0

[Event "ESP-ch Universities"]
[Site "Madrid"]
[Date "2008.05.10"]
[Round "8"]
[White "Martinez Lozano, Miguel Angel"]
[Black "Encinas Encinas, Alvaro"]
[Result "1/2-1/2"]
[WhiteElo "2209"]
[BlackElo "2050"]
[PlyCount "28"]
[EventDate "2008.05.08"]
[EventType "swiss"]
[EventRounds "9"]
[EventCountry "ESP"]
[SourceTitle "CBM 124 Extra"]
[Source "ChessBase"]
[SourceDate "2008.07.03"]
[SourceVersion "1"]
[SourceVersionDate "2008.07.03"]
[SourceQuality "1"]

1. e4 e5 2. Nf3 Nc6 3. Bb5 Nge7 4. 0-0 d6 5. d4 Bd7 6. Bg5 h6 7. Be3 g5 8. dxe5 dxe5 9. Nc3 Ng6 10. Nd5 Bg7 11. Bc5 Bf8 12. Be3 Bg7 13. Bc5 Bf8 14. Be3 Bg7 1/2-1/2

[Event "Extremadura-chT"]
[Site "Spain"]
[Date "2008.03.08"]
[Round "8.3"]
[White "Encinas Encinas, Alvaro"]
[Black "Arroba Guerra, Jose Manuel"]
[Result "0-1"]
[WhiteElo "2068"]
[BlackElo "1750"]
[PlyCount "100"]
[EventDate "2008.01.19"]
[EventType "team-swiss"]
[EventRounds "9"]
[EventCountry "ESP"]
[SourceTitle "EXT 2011"]
[Source "ChessBase"]
[SourceDate "2010.11.26"]
[SourceVersion "1"]
[SourceVersionDate "2010.11.26"]
[SourceQuality "1"]
[WhiteTeam "Albatros"]
[BlackTeam "Casareno"]
[WhiteTeamCountry "ESP"]
[BlackTeamCountry "ESP"]

1. e4 c5 2. Nc3 d6 3. f4 Nc6 4. Bc4 Nf6 5. Nf3 e6 6. d3 Be7 7. 0-0 a6 8. a4 Qc7 9. Qe1 0-0 10. Qg3 Nd4 11. Nxd4 cxd4 12. Ne2 Nxe4 13. dxe4 Qxc4 14. Qd3 Qxd3 15. cxd3 e5 16. f5 Bd7 17. Bd2 Rfc8 18. Rfc1 Rxc1+ 19. Rxc1 Rc8 20. Rxc8+ Bxc8 21. Nc1 Bd7 22. b3 Bc6 23. Kf2 d5 24. Kf3 dxe4+ 25. dxe4 b6 26. Nd3 f6 27. Nb2 a5 28. Nc4 Bc5 29. Bc1 Be8 30. Ke2 b5 31. axb5 Bxb5 32. Kd3 Kf7 33. g4 Bb4 34. g5 Be1 35. h3 Ke7 36. Ba3+ Bb4 37. Bc1 Kd7 38. h4 Be7 39. Bd2 fxg5 40. hxg5 Bd8 41. Bc1 Be7 42. Bd2 Bd8 43. Bc1 Be7 44. Bd2 Kc6 45. g6 h5 46. Bxa5 h4 47. Be1 h3 48. Bg3 Bh4 49. Bxe5 Bf6 50. Bxf6 h2 0-1

[Event "Extremadura-chT"]
[Site "Spain"]
[Date "2007.01.20"]
[Round "1.4"]
[White "Costa Jutglar, Marc"]
[Black "Encinas Encinas, Alvaro"]
[Result "0-1"]
[WhiteElo "1992"]
[BlackElo "2131"]
[PlyCount "126"]
[EventDate "2007.01.20"]
[EventType "team-swiss"]
[EventRounds "7"]
[EventCountry "ESP"]
[SourceTitle "EXT 2011"]
[Source "ChessBase"]
[SourceDate "2010.11.26"]
[SourceVersion "1"]
[SourceVersionDate "2010.11.26"]
[SourceQuality "1"]
[WhiteTeam "Ateneo Cacereno II"]
[BlackTeam "Extremadura Magic"]
[WhiteTeamCountry "ESP"]
[BlackTeamCountry "ESP"]

1. d4 g6 2. e4 Bg7 3. Nf3 c5 4. c3 cxd4 5. cxd4 d5 6. e5 Bg4 7. Be2 Bxf3 8. Bxf3 e6 9. Nc3 Nc6 10. Be3 Nge7 11. g4 f6 12. exf6 Bxf6 13. Qd2 0-0 14. Bg2 Bg7 15. h4 e5 16. Ne2 Qd7 17. 0-0-0 Rac8 18. Kb1 Qxg4 19. Rdg1 Qf5+ 20. Ka1 exd4 21. Nxd4 Nxd4 22. Bxd4 Rc2 23. Qd1 Bxd4 24. Qxd4 Rxf2 25. Bh3 Qf6 26. Rd1 Qxd4 27. Rxd4 R8f6 28. a3 Rb6 29. b4 Rf3 30. Kb2 Ra6 31. Re1 Rxh3 32. Rxe7 Raxa3 33. Rxd5 Raf3 34. Rd8+ Rf8 35. Rxf8+ Kxf8 36. Rxh7 b5 37. Rxa7 Rxh4 38. Kc3 Rc4+ 39. Kb3 Re4 40. Kc3 Re7 41. Ra5 Re5 42. Kd4 Rf5 43. Ra7 g5 44. Rb7 Kg8 45. Re7 Kf8 46. Rb7 Rf4+ 47. Kc5 g4 48. Rd7 g3 49. Rd1 g2 50. Rg1 Rf5+ 51. Kc6 Rg5 52. Kb6 Kg7 53. Kc6 Kf6 54. Kb6 Ke7 55. Re1+ Kf6 56. Rg1 Kg6 57. Kc6 Kh5 58. Rxg2 Rxg2 59. Kxb5 Kg6 60. Kc6 Kf6 61. b5 Ke6 62. Kb7 Kd7 63. b6 Rb2 0-1

[Event "La Roda op 32nd"]
[Site "La Roda"]
[Date "2005.03.24"]
[Round "2"]
[White "Encinas Encinas, Alvaro"]
[Black "Ibarra Jerez, Jose Carlos"]
[Result "0-1"]
[WhiteElo "2134"]
[BlackElo "2434"]
[PlyCount "68"]
[EventDate "2005.03.23"]
[EventType "swiss"]
[EventRounds "9"]
[EventCountry "ESP"]
[SourceTitle "CBM 105 Extra"]
[Source "ChessBase"]
[SourceDate "2005.05.01"]
[SourceVersion "1"]
[SourceVersionDate "2005.05.01"]
[SourceQuality "1"]

1. e4 c5 2. Nf3 e6 3. d4 cxd4 4. Nxd4 a6 5. c4 Nf6 6. Nc3 Qc7 7. a3 b6 8. Be3 Bb7 9. f3 d6 10. Be2 Nbd7 11. Rc1 Be7 12. 0-0 0-0 13. Qd2 Rac8 14. b4 Rfe8 15. Rc2 Qb8 16. Rb1 Bd8 17. Bf1 Bc7 18. Kh1 d5 19. exd5 exd5 20. c5 Bxh2 21. Nce2 Ne5 22. Nf5 g6 23. Nd6 Nxf3 24. gxf3 Bxd6 25. Rbc1 bxc5 26. bxc5 Be5 27. c6 Ba8 28. Nd4 Bxd4 29. Qxd4 Qg3 30. Qxf6 Rxe3 31. Bxa6 Rxf3 32. Qe7 Rxc6 33. Rg1 Qf4 34. Rxc6 Rh3+ 0-1

[Event "Navalmoral op 10th"]
[Site "Navalmoral"]
[Date "2004.12.06"]
[Round "4"]
[White "Carrasco Martinez, Juan Manuel"]
[Black "Encinas Encinas, Alvaro"]
[Result "1-0"]
[WhiteElo "2408"]
[BlackElo "2146"]
[PlyCount "65"]
[EventDate "2004.12.04"]
[EventType "swiss"]
[EventRounds "9"]
[EventCountry "ESP"]
[SourceTitle "CBM 103 Extra"]
[Source "ChessBase"]
[SourceDate "2005.01.01"]
[SourceVersion "1"]
[SourceVersionDate "2005.01.01"]
[SourceQuality "1"]

1. d4 f5 2. g3 Nf6 3. Bg2 d6 4. c3 c6 5. Nf3 g6 6. Qb3 Qb6 7. Nbd2 Bg7 8. 0-0 Qxb3 9. axb3 0-0 10. Nc4 Na6 11. b4 Nc7 12. Na5 Ne4 13. Ng5 Nf6 14. Nf3 Ne4 15. Nd2 Nxd2 16. Bxd2 h6 17. e4 e5 18. dxe5 dxe5 19. exf5 gxf5 20. Rfd1 f4 21. Be4 Ne6 22. h4 Kh8 23. Bc1 Rg8 24. Nc4 a6 25. Nb6 Rb8 26. Bf5 Nd4 27. Bxc8 Nf3+ 28. Kg2 e4 29. Be6 Be5 30. Bxg8 Rxg8 31. Nc4 Bc7 32. Rd7 fxg3 33. fxg3 1-0

[Event "Navalmoral op 10th"]
[Site "Navalmoral"]
[Date "2004.12.05"]
[Round "2"]
[White "Encinas Encinas, Alvaro"]
[Black "Krivoshey, Sergei"]
[Result "0-1"]
[WhiteElo "2146"]
[BlackElo "2499"]
[PlyCount "76"]
[EventDate "2004.12.04"]
[EventType "swiss"]
[EventRounds "9"]
[EventCountry "ESP"]
[SourceTitle "CBM 103 Extra"]
[Source "ChessBase"]
[SourceDate "2005.01.01"]
[SourceVersion "1"]
[SourceVersionDate "2005.01.01"]
[SourceQuality "1"]

1. e4 d5 2. exd5 Nf6 3. d4 Bg4 4. Nf3 Qxd5 5. Be2 Nc6 6. 0-0 0-0-0 7. Be3 Qf5 8. c4 e5 9. d5 e4 10. Nd4 Nxd4 11. Bxd4 Bd6 12. Bxf6 Bxe2 13. Qxe2 Qxf6 14. Nc3 Qe5 15. g3 f5 16. Nb5 a6 17. Nxd6+ Rxd6 18. Qe3 Kb8 19. b3 h5 20. h4 Rg6 21. f4 Qb2 22. Rfb1 Qf6 23. Kf2 Rd8 24. Rd1 Qb2+ 25. Kg1 Rgd6 26. Qd4 Qxd4+ 27. Rxd4 c6 28. Rad1 cxd5 29. cxd5 Rc8 30. Rc4 Rcd8 31. Rcd4 b5 32. Kg2 Rc8 33. R1d2 Rc3 34. Re2 Kc7 35. Kh2 Rg6 36. Rdd2 Rgxg3 37. Rc2 Rh3+ 38. Kg2 Kd6 0-1

[Event "Albacete op 12th"]
[Site "Albacete"]
[Date "2004.09.06"]
[Round "8"]
[White "Encinas Encinas, Alvaro"]
[Black "Garcia Gata, Jorge David"]
[Result "1-0"]
[WhiteElo "2174"]
[BlackElo "2057"]
[PlyCount "113"]
[EventDate "2004.09.01"]
[EventType "swiss"]
[EventRounds "9"]
[EventCountry "ESP"]
[SourceTitle "CBM 102 Extra"]
[Source "ChessBase"]
[SourceDate "2004.11.03"]
[SourceVersion "1"]
[SourceVersionDate "2004.11.03"]
[SourceQuality "1"]

1. e4 c5 2. Nc3 Nc6 3. Bb5 g6 4. Bxc6 bxc6 5. d3 Bg7 6. f4 d6 7. Nf3 Nf6 8. 0-0 0-0 9. Qe1 Rb8 10. Qh4 e6 11. e5 Nd5 12. Qxd8 Rxd8 13. Ne4 dxe5 14. fxe5 c4 15. Bg5 Rf8 16. dxc4 Nb4 17. a3 Nxc2 18. Rac1 h6 19. Bd2 Rxb2 20. Bc3 Ra2 21. Rf2 Rxa3 22. Rfxc2 Rd8 23. Rd2 Rxd2 24. Nfxd2 Bf8 25. Ra1 Rxa1+ 26. Bxa1 Bb4 27. Bc3 c5 28. Bxb4 cxb4 29. Nb3 Kf8 30. Nbc5 Ke7 31. Kf2 Bd7 32. Nxd7 Kxd7 33. Ke3 Kc6 34. Kd4 a5 35. Nc5 h5 36. h4 Kb6 37. Na4+ Kc6 38. Kd3 Kc7 39. c5 Kc6 40. Kc4 b3 41. Kxb3 Kd5 42. c6 Kxc6 43. Kc4 Kd7 44. Nc5+ Ke7 45. Ne4 Kd7 46. Kb5 a4 47. Nf6+ Kc7 48. Kxa4 Kc6 49. Kb4 Kb6 50. Kc4 Kc6 51. Ne4 Kd7 52. Kc5 Ke7 53. Kc6 Kf8 54. Kd7 Kg7 55. Ke7 Kh6 56. Kxf7 g5 57. hxg5+ 1-0

[Event "ESP-ch U20"]
[Site "Mondariz"]
[Date "2004.07.24"]
[Round "8"]
[White "Villuendas Valero, Adrian"]
[Black "Encinas Encinas, Alvaro"]
[Result "1-0"]
[WhiteElo "2092"]
[BlackElo "2174"]
[PlyCount "91"]
[EventDate "2004.07.18"]
[EventType "swiss"]
[EventRounds "8"]
[EventCountry "ESP"]
[SourceTitle "CBM 101 Extra"]
[Source "ChessBase"]
[SourceDate "2004.09.01"]
[SourceVersion "2"]
[SourceVersionDate "2004.09.01"]
[SourceQuality "1"]

1. e4 c5 2. Nf3 e6 3. d4 cxd4 4. Nxd4 Nf6 5. Nc3 Nc6 6. Ndb5 Bb4 7. a3 Bxc3+ 8. Nxc3 d5 9. Bd3 dxe4 10. Nxe4 Nxe4 11. Bxe4 Qxd1+ 12. Kxd1 Bd7 13. Be3 0-0 14. b3 Rfd8 15. Kc1 Be8 16. Kb2 Rac8 17. Rad1 b6 18. f4 f6 19. Bf3 Ne7 20. Rxd8 Rxd8 21. Rd1 Rxd1 22. Bxd1 Bc6 23. g3 Nf5 24. Bf2 e5 25. fxe5 fxe5 26. c4 e4 27. Kc3 Kf7 28. g4 Ne7 29. b4 Ke6 30. b5 Bb7 31. Bg3 a6 32. a4 axb5 33. axb5 Kd7 34. Kd4 Ng8 35. g5 Ne7 36. Bg4+ Kd8 37. c5 bxc5+ 38. Kxc5 h6 39. gxh6 gxh6 40. Bf4 Ng8 41. Be6 Nf6 42. Bxh6 Ke7 43. Bf5 Nd7+ 44. Kd4 Kd6 45. Bf4+ Ke7 46. h4 1-0

[Event "Extremadura-chT"]
[Site "Spain"]
[Date "2004.??.??"]
[Round "?"]
[White "Gonzalez Manchon, Juan Miguel"]
[Black "Encinas Encinas, Alvaro"]
[Result "0-1"]
[WhiteElo "2120"]
[BlackElo "2170"]
[PlyCount "116"]
[EventDate "2004.??.??"]
[EventType "team-tourn"]
[EventRounds "9"]
[EventCountry "ESP"]
[SourceTitle "EXT 2007"]
[Source "ChessBase"]
[SourceDate "2006.11.23"]
[SourceVersion "1"]
[SourceVersionDate "2006.11.23"]
[SourceQuality "1"]

1. d4 f5 2. g3 Nf6 3. Bg2 g6 4. Nh3 Bg7 5. 0-0 0-0 6. c4 d6 7. Nc3 c6 8. d5 e5 9. dxe6 Bxe6 10. Qb3 Nbd7 11. Ng5 Nc5 12. Nxe6 Nxb3 13. Nxd8 Nxa1 14. Nxb7 d5 15. Bg5 Nc2 16. cxd5 cxd5 17. Bxf6 Bxf6 18. Bxd5+ Kh8 19. Nc5 Rad8 20. Ne6 Bxc3 21. bxc3 Rxd5 22. Nxf8 Rd6 23. Rb1 Kg7 24. Rb8 g5 25. Rd8 Rb6 26. h4 gxh4 27. gxh4 Rh6 28. Nd7 Rxh4 29. Nc5 Rc4 30. Rd7+ Kg6 31. Rd6+ Kh5 32. Rd5 Kg6 33. Rd6+ Kh5 34. Rd5 Kg6 35. Nd3 Rxc3 36. f4 Ne3 37. Rd6+ Kh5 38. Rd7 h6 39. Rxa7 Rc2 40. Re7 Rxe2 41. a4 Kg4 42. a5 Kf3 43. Rc7 Ng4 44. Ne5+ Kxf4 45. Ng6+ Kg3 46. Rc3+ Ne3 47. Rc1 f4 48. Ne5 f3 49. Nxf3 Kxf3 50. Ra1 Nc2 51. Ra2 Nb4 52. Ra3+ Re3 53. Rxe3+ Kxe3 54. Kh2 Kf4 55. Kh3 Kg5 56. Kg3 h5 57. Kh3 h4 58. Kg2 Kg4 0-1

[Event "ESP-ch U20"]
[Site "Mondariz"]
[Date "2003.07.22"]
[Round "3.13"]
[White "Gutierrez Castillo, Oscar"]
[Black "Encinas Encinas, Alvaro"]
[Result "0-1"]
[WhiteElo "2219"]
[BlackElo "2096"]
[PlyCount "78"]
[EventDate "2003.06.22"]
[EventType "swiss"]
[EventRounds "8"]
[EventCountry "ESP"]
[SourceTitle "EXT 2004"]
[Source "ChessBase"]
[SourceDate "2003.11.25"]
[SourceVersion "1"]
[SourceVersionDate "2003.11.25"]
[SourceQuality "1"]

1. e4 c5 2. Nf3 d6 3. d4 Nf6 4. Nc3 cxd4 5. Nxd4 a6 6. Bg5 e6 7. f4 Qb6 8. Nb3 Qe3+ 9. Qe2 Qxe2+ 10. Bxe2 Be7 11. 0-0-0 Nc6 12. Bf3 Bd7 13. Na4 0-0-0 14. e5 dxe5 15. Nb6+ Kc7 16. Nxd7 Nxd7 17. Bxc6 Bxg5 18. fxg5 Kxc6 19. Na5+ Kc7 20. Rd3 Nb6 21. Rc3+ Kb8 22. Rf1 Rd7 23. Rb3 Ka7 24. Re3 h6 25. Rxe5 hxg5 26. Rxg5 f6 27. Rg3 Rxh2 28. Nb3 Rh5 29. Re1 Rhd5 30. c3 e5 31. Re4 a5 32. c4 Rd1+ 33. Kc2 a4 34. Nc5 R7d2+ 35. Kc3 g5 36. Rf3 Rxg2 37. Rxf6 Rc1+ 38. Kd3 Nxc4 39. Nxa4 Rd2# 0-1

[Event "Albacete op 10th"]
[Site "Albacete"]
[Date "2002.09.02"]
[Round "2"]
[White "Encinas Encinas, Alvaro"]
[Black "Iruzubieta Villaluenga, Jesus Maria"]
[Result "0-1"]
[WhiteElo "2069"]
[BlackElo "2431"]
[PlyCount "52"]
[EventDate "2002.09.01"]
[EventType "swiss"]
[EventRounds "9"]
[EventCountry "ESP"]
[SourceTitle "EXT 2003"]
[Source "ChessBase"]
[SourceDate "2002.11.25"]
[SourceVersion "1"]
[SourceVersionDate "2002.11.25"]
[SourceQuality "1"]

1. e4 e5 2. Nf3 Nc6 3. Bb5 a6 4. Ba4 Nf6 5. 0-0 b5 6. Bb3 Bb7 7. Re1 Bc5 8. c3 d6 9. d4 Bb6 10. Bg5 h6 11. Bh4 Qe7 12. d5 Nb8 13. Nbd2 Nbd7 14. Nf1 g5 15. Bg3 Nxe4 16. Rxe4 f5 17. Re1 f4 18. Nd4 0-0 19. Ne6 fxg3 20. hxg3 Bxf2+ 21. Kh1 Bxe1 22. Nxf8 Rxf8 23. Qxe1 Qf7 24. Ne3 Nc5 25. Qd2 Qf2 26. Rd1 Ne4 0-1

[Event "ESP-ch U16"]
[Site "Formigal"]
[Date "2002.??.??"]
[Round "8.9"]
[White "Encinas Encinas, Alvaro"]
[Black "Espineira Gonzalez, Diego Adrian"]
[Result "1/2-1/2"]
[WhiteElo "2061"]
[BlackElo "2189"]
[PlyCount "65"]
[EventDate "2002.07.05"]
[EventType "swiss"]
[EventRounds "8"]
[EventCountry "ESP"]
[SourceTitle "EXT 2003"]
[Source "ChessBase"]
[SourceDate "2002.11.25"]
[SourceVersion "1"]
[SourceVersionDate "2002.11.25"]
[SourceQuality "1"]

1. e4 g6 2. Nc3 Bg7 3. f4 c6 4. Bc4 b5 5. Bb3 b4 6. Nce2 d5 7. e5 c5 8. c3 bxc3 9. dxc3 e6 10. Be3 Qc7 11. Nf3 Ne7 12. Ba4+ Bd7 13. b4 d4 14. Bf2 Nd5 15. Rc1 0-0 16. cxd4 Nxb4 17. Rxc5 Bxa4 18. Rxc7 Bxd1 19. Kxd1 Nxa2 20. d5 exd5 21. Rxa7 Rxa7 22. Bxa7 Nc6 23. Bc5 Rb8 24. Kc2 Nab4+ 25. Kd2 Na6 26. Bd6 Rb2+ 27. Ke3 Bf8 28. Rc1 Rb3+ 29. Rc3 Rxc3+ 30. Nxc3 Bxd6 31. exd6 Nab4 32. Nd4 Nd8 33. Ndb5 1/2-1/2

[Event "ESP-ch U16"]
[Site "Oropesa del Mar"]
[Date "2001.07.04"]
[Round "6.4"]
[White "Encinas Encinas, Alvaro"]
[Black "Alcazar Jimenez, Victor Manuel"]
[Result "1/2-1/2"]
[WhiteElo "2045"]
[BlackElo "2245"]
[PlyCount "76"]
[EventDate "2001.07.01"]
[EventType "swiss"]
[EventRounds "8"]
[EventCountry "ESP"]
[SourceTitle "EXT 2002"]
[Source "ChessBase"]
[SourceDate "2001.11.25"]
[SourceVersion "1"]
[SourceVersionDate "2001.11.25"]
[SourceQuality "1"]

1. e4 c5 2. Nc3 Nc6 3. Bb5 g6 4. d3 Bg7 5. Nge2 Nd4 6. Bc4 e6 7. 0-0 Ne7 8. Bf4 d6 9. a4 0-0 10. Nxd4 cxd4 11. Nb5 e5 12. Bd2 a6 13. Na3 Kh8 14. c3 dxc3 15. bxc3 f5 16. Bd5 Nxd5 17. exd5 f4 18. Nc4 Bf5 19. Bc1 g5 20. Ba3 Rf6 21. Rb1 Rb8 22. Rb6 Bf8 23. Qe2 Kg8 24. Rfb1 g4 25. Rxb7 Rxb7 26. Rxb7 Rh6 27. g3 Qe8 28. Rb6 f3 29. Qd1 Qa8 30. Bxd6 Qxd5 31. Bxf8 Rxb6 32. Nxb6 Qe6 33. Bb4 Qxb6 34. a5 Qe6 35. Qe2 h6 36. d4 Qb3 37. Qe1 e4 38. Qc1 Be6 1/2-1/2